| 000 | 00943 a2200313 4500 | ||
|---|---|---|---|
| 005 | 20250924100321.0 | ||
| 008 | 250818b |||||||| |||| 00| 0 eng d | ||
| 041 | _aFr | ||
| 044 | _aCIV | ||
| 090 | _bDG/A/1649 | ||
| 100 | _a FONDIO, Lassina | ||
| 100 | _aDIABATE, Seydou | ||
| 110 | _aCentre National de Recherche Agronomique | ||
| 110 | _bCote d'Ivoire | ||
| 245 | _aPromotion de la transition agroecologique en zone tropicales : Les enjeux du maraichage periurbain | ||
| 260 | _cMai 2025 | ||
| 302 | _a4 p. | ||
| 388 | _a2025-08-18 | ||
| 650 |
_2AGROVOC _gProjet |
||
| 650 |
_gMrigo _2AGROVOC |
||
| 650 |
_gPromotion _2AGROVOC |
||
| 650 |
_gTransition _2AGROVOC |
||
| 650 |
_gAgroecologique _2AGROVOC |
||
| 650 |
_gZone tropicale _2AGROVOC |
||
| 650 |
_gEnjeux _2AGROVOC |
||
| 650 |
_gMaraichage _2AGROVOC |
||
| 650 |
_gPeriurbain _2AGROVOC |
||
| 856 | _uhttps://ftech.byethost7.com/wp-content/uploads/2025/08/DGA1649.pdf | ||
| 999 |
_c5968 _d5968 |
||